000 00299nam a22001337a 4500
003 SGT
020 _a9789348772183
082 _a333.7
_bSIN
100 _aSINGH DR NITESH
245 _aTEXTBOOK FOR ENVIRONMENTAL STUDIES
260 _aINDIA
_bSANKALP PUB
_c2025
300 _a192
942 _2ddc
_cBK
999 _c33165
_d33165